• 首页
  • 本馆介绍
  • 公告通知
  • 最新文献
  • 馆藏检索
  • 电子资源
  • 读者导购
  • 参考咨询
  • 我的图书馆
  • 登录
  • 详细信息显示
  • 放入我的书架
  • 预约/预借图书
  • 作者相关作品
  • 分类相关作品
  • 丛书相关作品
  • 出版社相关作品

书目信息

  • 表格格式
  • 工作单格式
  • 卡片格式
题名:
中国ISBN出版者名录
    
 
作者: 沙岩茹 , 杨峰 编
分册:  
出版信息: 北京   现代出版社  1987
页数: 141,15页
开本: 21cm
丛书名:
单 册:
中图分类: G239.22
科图分类:
主题词: 出版社--名录--中国
电子资源:
ISBN: 7-80028-000-4
000 00636nam0 2200229 45
001 0187002371
005 20060818091456.09
010    @a7-80028-000-4@dCNY1.20
100    @a19900808d1987 mk y0chiy0121 ea
101 0  @achi
102    @aCN@b110000
105    @ay z 000yy
200 10 @a中国ISBN出版者名录@Azhong guo ISBN chu ban zhe ming lu@f杨峰, 沙岩茹编
210    @a北京@c现代出版社@d1987
215    @a141,15页@d21cm
606    @a出版社@x名录@y中国
690    @aG239.22@v3
701  0 @a沙岩茹@Asha yan ru@4编
701  0 @a杨峰@Ayang feng@4编
801  2 @aCN@bNLC@c20060818
801  0 @aCN@bTSSF
905    @a10447@dG239.22@e37
    
    中国ISBN出版者名录/杨峰, 沙岩茹编.-北京:现代出版社,1987
    141,15页;21cm
    
    
    ISBN 7-80028-000-4:CNY1.20
    
●
相关链接 在E读中查询图书 在五车中查询图书 在当当中查询图书 在豆瓣中查询图书


正题名:中国ISBN出版者名录     索取号:G239.22/37         预约/预借

序号 登录号 条形码 馆藏地/架位号 状态 备注
1 0465603   204656032   密集书库/ [索取号:G239.22/37] 在馆    
唐山师范学院图书馆 欢迎您!
大连网信软件有限公司© 版权所有